|
|
|
|
| LEADER |
01637nam a2200373 i 4500 |
| 001 |
35092 |
| 003 |
BD-DhAAL |
| 005 |
20211118134211.0 |
| 008 |
190807t2018 nyua b 001 0 eng d |
| 999 |
|
|
|c 40820
|d 40820
|
| 010 |
|
|
|a 2016050710
|
| 020 |
|
|
|a 9781138889392 (pbk.)
|
| 020 |
|
|
|a 9781138889378 (hardback)
|
| 020 |
|
|
|z 9781315712901 (ebook)
|
| 020 |
|
|
|z 9781317496328 (mobi/kindle)
|
| 040 |
|
|
|a DLC
|b eng
|e rda
|c DLC
|d DLC
|d BD-DhAAL
|
| 042 |
|
|
|a pcc
|
| 050 |
0 |
0 |
|a NA2542.3
|b .H46 2018
|
| 082 |
0 |
0 |
|a 720.472
|2 23
|
| 100 |
1 |
|
|a Hemsath, Timothy
|9 33336
|
| 245 |
1 |
0 |
|a Energy modeling in architectural design /
|c Timothy L. Hemsath and Kaveh Alagheh Bandhosseini.
|
| 260 |
|
|
|a New York :
|b Routledge,
|c c2018.
|
| 300 |
|
|
|a xxvi, 253 pages :
|b illustrations ;
|c 26 cm.
|
| 504 |
|
|
|a Includes bibliographical references (pages 243-250) and index.
|
| 526 |
|
|
|a ARC
|
| 541 |
|
|
|a Trim Education
|e 35092, 35093
|
| 650 |
|
0 |
|a Architecture and energy conservation.
|9 33337
|
| 650 |
|
0 |
|a Buildings
|x Energy conservation
|x Computer simulation.
|9 33338
|
| 650 |
|
0 |
|a Architecture
|9 42861
|
| 700 |
1 |
|
|a Bandhosseini, Kaveh Alagheh
|9 33339
|
| 852 |
|
|
|a Ayesha Abed Library
|c General Stacks
|
| 942 |
|
|
|2 ddc
|c BK
|
| 952 |
|
|
|0 0
|1 0
|2 ddc
|4 0
|6 720_472000000000000_HEM
|7 0
|9 65949
|a BRACUL
|b BRACUL
|c GEN
|d 2019-07-28
|e Trim Education
|g 3090.00
|l 2
|o 720.472 HEM
|p 3010035092
|r 2021-12-23
|s 2021-12-15
|t 1
|v 3090.00
|w 2019-07-28
|y BK
|
| 952 |
|
|
|0 0
|1 0
|2 ddc
|4 0
|6 720_472000000000000_HEM
|7 0
|9 65950
|a BRACUL
|b BRACUL
|c GEN
|d 2019-07-28
|e Trim Education
|g 3090.00
|l 0
|o 720.472 HEM
|p 3010035093
|r 2019-07-28
|t 2
|v 3090.00
|w 2019-07-28
|y BK
|x Transferred from ARC to BRACUL on 28/12/2023
|